000 01512cam a2200157 4500500
005 20260208013951.0
041 _afre
042 _adc
100 1 0 _aImhaus, Patrick
_eauthor
700 1 0 _aDelourme-Bentayeb, Houria
_eauthor
700 1 0 _aBesnaci-Lancou, Fatima
_eauthor
245 0 0 _aLa surdité de l’institution à l’égard des Harkis : Après le « pardon » de 2021, l’affaire de l’Annexe 4
260 _bL'Harmattan,
_c2024.
520 _aVingt-quatre lettres de descendants de harkis et ce qu’elles révèlent : injustice, tristesse, désillusion et colère. Le 20 septembre 2021, le président de la République demande « pardon » aux harkis. Le 15 mai 2023, un texte du rapport rédigé par une commission rattachée à Matignon met à mal cette déclaration : il s’agit de l’annexe 4 dont l’affaire est ici développée. La réaction est vive. Pourquoi ? Ils ont compris, une fois de plus, que la violence institutionnelle ne les épargnerait pas.À travers leurs témoignages personnels, saisissants, les descendants harkis sont résolus à s’inviter jusqu’aux plus hautes autorités. Leur but : interpeller les responsables du fiasco administratif, pour les obliger à les regarder en face, dans l’intimité de leur histoire. Ils veulent sortir de la déshumanisation dans laquelle la machine administrative continue de les broyer.
856 4 1 _uhttps://shs.cairn.info/la-surdite-de-linstitution-a-legard-des-harkis--9782336459837?lang=fr&redirect-ssocas=7080
999 _c1660548
_d1660548